[Event "LTU-ch sf (Women)"]
[Site "Vilnius"]
[Date "2015.02.24"]
[Round "8"]
[White "Domarkaite, Laima"]
[Black "Jakaityte, Ruta"]
[Result "0-1"]
[WhiteElo "2125"]
[BlackElo "1925"]
[PlyCount "142"]
[EventDate "2015.02.18"]
[EventType "swiss"]
[EventRounds "8"]
[EventCountry "LTU"]
[SourceTitle "EXT 2018"]
[Source "ChessBase"]
[SourceDate "2017.10.13"]
[SourceVersion "1"]
[SourceVersionDate "2017.10.13"]
[SourceQuality "1"]

1. e4 c5 2. c3 Nf6 3. e5 Nd5 4. Bc4 Nb6 5. Bb3 d6 6. exd6 Qxd6 7. Nf3 Nc6 8. Na3 a6 9. 0-0 Bf5 10. d4 cxd4 11. cxd4 e6 12. Be3 Be7 13. Qe2 0-0 14. Rfd1 Rfd8 15. Rac1 Rac8 16. h3 Na5 17. Bc2 Bxc2 18. Rxc2 Rxc2 19. Nxc2 Nc6 20. Rd2 Nd5 21. Nce1 Bf6 22. Nd3 Qc7 23. Rc2 Qb8 24. a3 Nde7 25. Nde5 Bxe5 26. dxe5 Nxe5 27. Ng5 N5g6 28. Qf3 Ne5 29. Qh5 h6 30. Ne4 Nd5 31. Bd2 Ng6 32. g3 Qe5 33. Qf3 Qb8 34. Kg2 b5 35. Ba5 Rc8 36. Rxc8+ Qxc8 37. Qxf7+ Kxf7 38. Nd6+ Kf6 39. Nxc8 Ne5 40. Bd8+ Kf7 41. Nd6+ Kf8 42. Ba5 Ke7 43. Ne4 Nc4 44. Bb4+ Nxb4 45. axb4 Nxb2 46. Nc5 Kd6 47. Kf3 Kd5 48. Nxa6 Kc4 49. Ke4 Nd3 50. f3 Nxb4 51. Nc7 Nc6 52. Nxe6 g5 53. Nc7 b4 54. Nd5 b3 55. Ne3+ Kc3 56. f4 Na5 57. Nd5+ Kd2 58. Kd4 b2 59. Nc3 Nc6+ 60. Kc4 Ne7 61. Kb3 Nd5 62. Kxb2 Nxc3 63. fxg5 hxg5 64. h4 g4 65. h5 Nd5 66. Kb3 Ke3 67. Kc4 Nf6 68. h6 Kf3 69. Kd4 Kxg3 70. Ke5 Nh7 71. Kf5 Kh4 0-1

[Event "LTU-ch sf (Women)"]
[Site "Vilnius"]
[Date "2015.02.22"]
[Round "6"]
[White "Batyte, Daiva"]
[Black "Domarkaite, Laima"]
[Result "1-0"]
[WhiteElo "2067"]
[BlackElo "2125"]
[PlyCount "73"]
[EventDate "2015.02.18"]
[EventType "swiss"]
[EventRounds "8"]
[EventCountry "LTU"]
[SourceTitle "EXT 2018"]
[Source "ChessBase"]
[SourceDate "2017.10.13"]
[SourceVersion "1"]
[SourceVersionDate "2017.10.13"]
[SourceQuality "1"]

1. c4 b6 2. b3 Bb7 3. Bb2 e6 4. e3 Nf6 5. Nf3 Be7 6. Be2 0-0 7. 0-0 d5 8. d4 dxc4 9. bxc4 c5 10. Nc3 cxd4 11. exd4 Nbd7 12. Rc1 Rc8 13. Re1 a6 14. Bd3 Re8 15. Qe2 Bb4 16. Red1 Qe7 17. Ne5 Red8 18. f4 Nf8 19. Na4 Qc7 20. a3 Be7 21. f5 Bc6 22. Nxc6 Qxc6 23. Nc3 Rxd4 24. Nd5 Bc5 25. Nxf6+ gxf6 26. Bxd4 Bxd4+ 27. Kh1 e5 28. Be4 Qd7 29. Rd3 Kh8 30. Rg3 Rd8 31. Rd1 Qc7 32. Qg4 Ng6 33. fxg6 fxg6 34. Bxg6 Rg8 35. Qh4 Rg7 36. Bf5 Bf2 37. Rxg7 1-0

[Event "LTU-ch sf (Women)"]
[Site "Vilnius"]
[Date "2015.02.18"]
[Round "1"]
[White "Domarkaite, Laima"]
[Black "Semonaviciute, Agne"]
[Result "1-0"]
[WhiteElo "2125"]
[BlackElo "1768"]
[PlyCount "67"]
[EventDate "2015.02.18"]
[EventType "swiss"]
[EventRounds "8"]
[EventCountry "LTU"]
[SourceTitle "EXT 2018"]
[Source "ChessBase"]
[SourceDate "2017.10.13"]
[SourceVersion "1"]
[SourceVersionDate "2017.10.13"]
[SourceQuality "1"]

1. e4 e5 2. Nf3 Nc6 3. Bc4 Nf6 4. d3 d5 5. exd5 Nxd5 6. 0-0 Be7 7. Re1 Nb6 8. Bb5 f6 9. d4 Bg4 10. h3 Bxf3 11. Qxf3 0-0 12. Bxc6 bxc6 13. Qxc6 exd4 14. Qe6+ Rf7 15. Bd2 Kf8 16. a4 Nd5 17. Qe4 f5 18. Qxd4 Bf6 19. Qc5+ Be7 20. Qc4 Rb8 21. Ra2 Nb4 22. Ra3 Nxc2 23. Qxc2 Bxa3 24. Nxa3 Qd5 25. Nc4 Rf6 26. Re5 Qd7 27. Bc3 g6 28. Re3 Ra6 29. a5 Rd8 30. Re1 Qd5 31. Qc1 Qf7 32. Qg5 Rb8 33. Ne5 Qg7 34. Nc6 1-0

[Event "Olympiad Women-41"]
[Site "Tromsoe"]
[Date "2014.08.04"]
[Round "3.3"]
[White "Tsoi, Nicole"]
[Black "Domarkaite, Laima"]
[Result "1/2-1/2"]
[WhiteElo "1787"]
[BlackElo "2160"]
[PlyCount "36"]
[EventDate "2014.08.02"]
[EventType "team-swiss"]
[EventRounds "11"]
[EventCountry "NOR"]
[SourceTitle "CBM 162"]
[Source "ChessBase"]
[SourceDate "2014.09.17"]
[SourceVersion "1"]
[SourceVersionDate "2014.09.17"]
[SourceQuality "1"]
[WhiteTeam "New Zealand (W)"]
[BlackTeam "Lithuania (W)"]
[WhiteTeamCountry "NZL"]
[BlackTeamCountry "LTU"]

1. d4 Nf6 2. Bf4 e6 3. e3 c5 4. c3 b6 5. Nf3 Be7 6. Nbd2 Bb7 7. Bd3 d6 8. 0-0 Nh5 9. h3 Nxf4 10. exf4 g6 11. Re1 0-0 12. Qe2 Re8 13. Ne4 Nd7 14. Neg5 Bf6 15. Ne4 Be7 16. Neg5 Bf6 17. Ne4 Be7 18. Neg5 Bf6 1/2-1/2

[Event "Vienna (Women)"]
[Site "Vienna"]
[Date "2014.04.20"]
[Round "9"]
[White "Exler, Veronika"]
[Black "Domarkaite, Laima"]
[Result "1-0"]
[WhiteElo "2139"]
[BlackElo "2154"]
[PlyCount "72"]
[EventDate "2014.04.12"]
[EventType "tourn"]
[EventRounds "9"]
[EventCountry "AUT"]
[SourceTitle "CBM 159 Extra"]
[Source "ChessBase"]
[SourceDate "2014.04.24"]
[SourceVersion "1"]
[SourceVersionDate "2014.04.24"]
[SourceQuality "1"]

1. d4 Nf6 2. c4 e6 3. Nf3 Bb4+ 4. Bd2 Qe7 5. g3 0-0 6. Bg2 a5 7. Nc3 Bxc3 8. Bxc3 Ne4 9. Rc1 d5 10. 0-0 dxc4 11. Ne5 Nd6 12. Bd2 Ra6 13. Nxc4 Nc6 14. Bxc6 Nxc4 15. Rxc4 bxc6 16. Rc5 f6 17. Rxa5 Rb6 18. Bc3 Rd8 19. Qc2 Rb5 20. a4 Rxa5 21. Bxa5 Rd5 22. Bc3 c5 23. e4 Rd7 24. Rd1 Qd8 25. Qb3 Rd6 26. d5 exd5 27. Rxd5 Be6 28. Rxd6 Qxd6 29. Qc2 Kf7 30. f3 c4 31. Qd2 Qc6 32. a5 h5 33. Qd4 Qb5 34. Qa7 Qc6 35. Bd4 Bh3 36. Kf2 Qa4 1-0

[Event "Vienna (Women)"]
[Site "Vienna"]
[Date "2014.04.15"]
[Round "4"]
[White "Froewis, Annika"]
[Black "Domarkaite, Laima"]
[Result "1-0"]
[WhiteElo "2025"]
[BlackElo "2154"]
[PlyCount "89"]
[EventDate "2014.04.12"]
[EventType "tourn"]
[EventRounds "9"]
[EventCountry "AUT"]
[SourceTitle "CBM 159 Extra"]
[Source "ChessBase"]
[SourceDate "2014.04.24"]
[SourceVersion "1"]
[SourceVersionDate "2014.04.24"]
[SourceQuality "1"]

1. e4 c5 2. Nf3 d6 3. d4 cxd4 4. Nxd4 Nf6 5. Nc3 a6 6. Be3 e5 7. Nb3 Be7 8. f3 Be6 9. Qd2 0-0 10. 0-0-0 a5 11. Bb5 Na6 12. g4 Qb8 13. g5 Ne8 14. f4 Nec7 15. f5 Bxb3 16. cxb3 d5 17. Nxd5 Nxd5 18. exd5 Nc7 19. Be2 Rd8 20. Bf3 a4 21. bxa4 Rxa4 22. Kb1 e4 23. Qc2 Qa8 24. b3 Nb5 25. Ka1 Bd6 26. bxa4 Be5+ 27. Bd4 Nxd4 28. Qxe4 Nc2+ 29. Kb1 Na3+ 30. Kc1 Qc8+ 31. Kd2 Qc3+ 32. Ke2 Nc2 33. Kf2 Nd4 34. Kg2 h5 35. Rd3 Qb2+ 36. Kh3 Qf2 37. Qxe5 Nxf3 38. Qg3 Ng1+ 39. Rxg1 Qxf5+ 40. Kg2 Rc8 41. Rd4 h4 42. Qg4 Rc2+ 43. Kh1 Qf2 44. Qf4 Qe2 45. Re4 1-0

[Event "LTU-ch sf (Women)"]
[Site "Vilnius"]
[Date "2014.02.17"]
[Round "1"]
[White "Semonaviciute, Agne"]
[Black "Domarkaite, Laima"]
[Result "0-1"]
[WhiteElo "1738"]
[BlackElo "2139"]
[PlyCount "70"]
[EventDate "2014.02.17"]
[EventType "swiss"]
[EventRounds "7"]
[EventCountry "LTU"]
[SourceTitle "CBM 158 Extra"]
[Source "ChessBase"]
[SourceDate "2014.02.28"]
[SourceVersion "1"]
[SourceVersionDate "2014.02.28"]
[SourceQuality "1"]

1. e4 c5 2. Nc3 Nc6 3. f4 e6 4. Bc4 a6 5. a4 Nge7 6. d3 d5 7. Ba2 g6 8. Nf3 Bg7 9. 0-0 Nd4 10. Nxd4 cxd4 11. Ne2 dxe4 12. dxe4 Qb6 13. Qd3 0-0 14. Bd2 Bd7 15. a5 Qc5 16. b4 Qa7 17. Kh1 Rac8 18. Rae1 Bb5 19. Qb3 Bc4 20. Qb1 b5 21. axb6 Qxb6 22. Rf3 Rfd8 23. Nc1 Qc6 24. Nb3 Qa4 25. e5 Nd5 26. Qb2 Nxb4 27. Ra1 Nxa2 28. Rxa2 Qb5 29. Qa1 d3 30. Ra5 Qb7 31. Nc5 Rxc5 32. Rxc5 dxc2 33. Rxc4 Rxd2 34. Qg1 Rd1 35. Rf1 Qb1 0-1